[Event "Bayern-chI Bank Hofmann 26th"]
[Site "Tegernsee"]
[Date "2023.11.02"]
[Round "6"]
[White "Ciolek, Andreas"]
[Black "Andrade, Ruben"]
[Result "1-0"]
[WhiteElo "2215"]
[BlackElo "1797"]
[PlyCount "103"]
[EventDate "2023.10.28"]
[EventType "swiss"]
[EventRounds "9"]
[EventCountry "GER"]
[SourceTitle "Mega2024 Update 01"]
[Source "Chessbase"]
[SourceDate "2023.11.12"]
[SourceVersion "1"]
[SourceVersionDate "2023.11.12"]
[SourceQuality "1"]

1. d4 d5 2. c4 e6 3. Nc3 Nf6 4. cxd5 exd5 5. Bg5 Be7 6. e3 0-0 7. Bd3 h6 8. Bh4 Re8 9. Nge2 c6 10. 0-0 Nbd7 11. Qc2 Ne4 12. Bxe7 Qxe7 13. Bxe4 dxe4 14. d5 Nf6 15. Rfd1 Nxd5 16. Nxd5 cxd5 17. Rxd5 Bd7 18. Nc3 Bc6 19. Rd4 Rac8 20. h3 Rc7 21. Rad1 f5 22. Qd2 Rec8 23. Rd6 Qe5 24. Qc2 Kh7 25. Qb3 Re7 26. g3 Qa5 27. h4 Be8 28. R1d5 Rc5 29. Rxc5 Qxc5 30. Rd5 Qc8 31. Qa3 Rc7 32. Qxa7 Bf7 33. Rd4 Bh5 34. Qa5 Bf3 35. Qe5 f4 36. Kh2 fxg3+ 37. fxg3 Rf7 38. Rd2 Qg4 39. Rf2 Rf5 40. Qe6 Qh5 41. Qd7 Rg5 42. Rd2 Rg4 43. Nd5 Qe5 44. Nf4 Qc5 45. Qd5 Qc8 46. Qd7 Qf8 47. Qxb7 Rxf4 48. gxf4 Qf6 49. Qd7 Qxh4+ 50. Qh3 Qf6 51. Rd5 Qxb2+ 52. Kg3 1-0

[Event "World-chT Rapid"]
[Site "Dusseldorf"]
[Date "2023.08.28"]
[Round "10"]
[White "Hartjes, Jenny"]
[Black "Andrade, Ruben"]
[Result "0-1"]
[WhiteElo "1685"]
[BlackElo "1797"]
[PlyCount "108"]
[EventDate "2023.08.26"]
[EventType "team-swiss (rapid)"]
[EventRounds "12"]
[EventCountry "GER"]
[SourceTitle "CBM 215 Extra"]
[Source "ChessBase"]
[SourceDate "2023.09.30"]
[SourceVersion "1"]
[SourceVersionDate "2023.09.30"]
[SourceQuality "1"]
[WhiteTeam "Blerickse Schaakvereniging"]
[BlackTeam "Deutsche Schachjugend"]
[WhiteTeamCountry "NED"]
[BlackTeamCountry "GER"]

1. d4 f5 2. Nf3 Nf6 3. c4 g6 4. Nc3 Bg7 5. g3 0-0 6. Bg2 d6 7. 0-0 c6 8. Re1 Ne4 9. Ng5 Nxc3 10. bxc3 e5 11. f3 h6 12. Nh3 f4 13. gxf4 Bxh3 14. Bxh3 exf4 15. Be6+ Kh8 16. Qd3 Qf6 17. d5 Qxc3 18. Ba3 Qxd3 19. exd3 Bxa1 20. Rxa1 c5 21. Kf2 Na6 22. Rg1 Kh7 23. h4 h5 24. Rb1 b6 25. Re1 Rae8 26. Rg1 Nc7 27. Bd7 Re7 28. Bh3 Re3 29. Bf1 Ne8 30. Bc1 Re7 31. Bd2 Ng7 32. Kg2 Nf5 33. Kh3 Nd4 34. Kg2 b5 35. a3 bxc4 36. dxc4 Rb7 37. Kh1 Nxf3 38. Rg2 Nxd2 39. Rxd2 Rb3 40. a4 Rb1 41. Kg2 f3+ 42. Kf2 Ra1 43. Rb2 Rxa4 44. Rb7+ Kh6 45. Rd7 Ra2+ 46. Kg3 Rf6 47. Re7 a5 48. Re3 a4 49. Re6 Rxe6 50. dxe6 Kg7 51. Kxf3 Kf6 52. Bh3 Ra3+ 53. Kg2 Rxh3 54. Kxh3 Kxe6 0-1

[Event "World-chT Rapid"]
[Site "Dusseldorf"]
[Date "2023.08.27"]
[Round "8.11"]
[White "Andrade, Ruben"]
[Black "Babu Odiah, Isaac"]
[Result "1-0"]
[WhiteElo "1797"]
[BlackElo "1893"]
[PlyCount "65"]
[EventDate "2023.08.26"]
[EventType "team-swiss (rapid)"]
[EventRounds "12"]
[EventCountry "GER"]
[SourceTitle "CBM 215 Extra"]
[Source "ChessBase"]
[SourceDate "2023.09.30"]
[SourceVersion "1"]
[SourceVersionDate "2023.09.30"]
[SourceQuality "1"]
[WhiteTeam "Deutsche Schachjugend"]
[BlackTeam "Africa"]
[WhiteTeamCountry "GER"]

1. e4 c5 2. Nf3 Nc6 3. d4 cxd4 4. Nxd4 e5 5. Nb5 d6 6. N1c3 a6 7. Na3 Nf6 8. Bg5 Be7 9. Bxf6 Bxf6 10. Nd5 Be6 11. c3 Bxd5 12. exd5 Ne7 13. Qf3 Qa5 14. Nc4 Qd8 15. a4 0-0 16. Be2 Qc7 17. a5 Nc8 18. 0-0 b5 19. axb6 Nxb6 20. Nxb6 Qxb6 21. Rab1 a5 22. Qe4 Rfd8 23. Bd3 g6 24. Kh1 Bg7 25. Qe2 f5 26. f3 Kh8 27. b4 a4 28. Ra1 a3 29. Ra2 e4 30. fxe4 fxe4 31. Qxe4 Bxc3 32. Rf7 Qd4 33. Rxh7+ 1-0

[Event "World-chT Rapid"]
[Site "Dusseldorf"]
[Date "2023.08.26"]
[Round "3.15"]
[White "Andrade, Ruben"]
[Black "Ahn, Anastasia"]
[Result "0-1"]
[WhiteElo "1797"]
[BlackElo "1592"]
[PlyCount "146"]
[EventDate "2023.08.26"]
[EventType "team-swiss (rapid)"]
[EventRounds "12"]
[EventCountry "GER"]
[SourceTitle "CBM 215 Extra"]
[Source "ChessBase"]
[SourceDate "2023.09.30"]
[SourceVersion "1"]
[SourceVersionDate "2023.09.30"]
[SourceQuality "1"]
[WhiteTeam "Deutsche Schachjugend"]
[BlackTeam "Aachen"]
[WhiteTeamCountry "GER"]
[BlackTeamCountry "GER"]

1. e4 c5 2. Nf3 Nc6 3. d4 cxd4 4. Nxd4 g6 5. Be3 Bg7 6. c4 Nf6 7. Nc3 d6 8. Be2 Nxd4 9. Bxd4 0-0 10. 0-0 Bd7 11. f4 Bc6 12. Bf3 Nd7 13. Bxg7 Kxg7 14. Qd4+ Kg8 15. Nd5 Bxd5 16. exd5 Qb6 17. Qxb6 Nxb6 18. b3 a5 19. Rac1 Rfc8 20. Rfe1 Kf8 21. Bg4 Rc7 22. f5 f6 23. fxg6 hxg6 24. Be6 Nd7 25. Bxd7 Rxd7 26. Kf2 Rc7 27. Ke3 Rac8 28. Kd4 b5 29. Rc3 b4 30. Rc2 Rc5 31. a3 bxa3 32. Ra1 Kf7 33. Rxa3 Rh8 34. h3 Rh5 35. Rca2 e5+ 36. Ke3 f5 37. Rxa5 f4+ 38. Ke4 Rxa5 39. Rxa5 Rg5 40. Ra2 Rg3 41. Re2 Rxb3 42. h4 Rc3 43. Re1 Rxc4+ 44. Kf3 Rd4 45. Ra1 Rxd5 46. Ra7+ Kf6 47. Ra8 Rd3+ 48. Ke2 Rg3 49. Kf2 Rg4 50. Rh8 d5 51. h5 gxh5 52. Rxh5 Rg5 53. Rh6+ Kf5 54. Rd6 Ke4 55. Rd8 d4 56. Ra8 Rg3 57. Ra4 Rb3 58. Rc4 Rb2+ 59. Kf1 Ke3 60. Rc1 d3 61. Re1+ Kd4 62. Rd1 e4 63. Ra1 Ke3 64. Re1+ Kd4 65. Ra1 d2 66. Ke2 d1Q+ 67. Kxd1 Rxg2 68. Ra4+ Ke5 69. Ke1 f3 70. Ra8 Kf4 71. Kf1 Rb2 72. Ra7 Rb1+ 73. Kf2 e3# 0-1

[Event "GER-ch U25-B"]
[Site "Willingen"]
[Date "2023.06.02"]
[Round "8"]
[White "Andrade, Ruben"]
[Black "Khudagulyan, Xoren"]
[Result "1-0"]
[WhiteElo "1753"]
[BlackElo "1698"]
[PlyCount "120"]
[EventDate "2023.05.27"]
[EventType "swiss"]
[EventRounds "9"]
[EventCountry "GER"]
[SourceTitle "CBM 214 Extra"]
[Source "ChessBase"]
[SourceDate "2023.07.31"]
[SourceVersion "1"]
[SourceVersionDate "2023.07.31"]
[SourceQuality "1"]

1. e4 e6 2. b3 d5 3. Bb2 Nc6 4. exd5 exd5 5. Nf3 Bg4 6. Be2 Nf6 7. 0-0 Be7 8. d4 0-0 9. h3 Bf5 10. c4 Nb4 11. Nc3 h6 12. Ne1 Qd7 13. a3 Nc6 14. Nf3 dxc4 15. bxc4 Ne4 16. Nxe4 Bxe4 17. d5 Nd8 18. Ne5 Qf5 19. Bg4 Qh7 20. Nd7 Re8 21. c5 f5 22. Bh5 g6 23. Be2 Bg5 24. Ne5 Bf6 25. f4 Nf7 26. Bc4 Bxe5 27. fxe5 Nxe5 28. Bb3 Kf8 29. Qd4 Rad8 30. Qxe4 Qg7 31. Bxe5 Rxe5 32. Qb4 Qe7 33. Rfe1 Re8 34. Rxe5 Qxe5 35. Rd1 Qe3+ 36. Kh1 Re4 37. Qxb7 Qxc5 38. Qc6 Qxa3 39. Qf6+ Ke8 40. Qxg6+ Kd8 41. Qf6+ Qe7 42. Qxe7+ Kxe7 43. Ra1 Rb4 44. Ba4 f4 45. Bc6 Kd6 46. Kg1 Rb3 47. Kf2 h5 48. Rxa7 Rb2+ 49. Kf3 Ke5 50. Rxc7 Rb3+ 51. Kf2 Rb2+ 52. Kg1 Rb1+ 53. Kh2 f3 54. gxf3 h4 55. Rb7 Rf1 56. Kg2 Rc1 57. Rb2 Rd1 58. Rb4 Rd2+ 59. Kf1 Rd1+ 60. Ke2 Re1+ 1-0

[Event "GER-ch Youth-B"]
[Site "Willingen"]
[Date "2022.06.06"]
[Round "3"]
[White "Andrade, Ruben"]
[Black "Laux, Filip"]
[Result "1-0"]
[WhiteElo "1694"]
[BlackElo "1395"]
[PlyCount "92"]
[EventDate "2022.06.04"]
[EventType "swiss"]
[EventRounds "9"]
[EventCountry "GER"]
[SourceTitle "CBM 208 Extra"]
[Source "ChessBase"]
[SourceDate "2022.07.31"]
[SourceVersion "1"]
[SourceVersionDate "2022.07.31"]
[SourceQuality "1"]

1. e4 c6 2. d4 d5 3. e5 Bf5 4. Nf3 e6 5. Be2 c5 6. c4 Nc6 7. Be3 cxd4 8. Nxd4 Nxd4 9. Bxd4 Qa5+ 10. Nc3 Ne7 11. cxd5 exd5 12. Bb5+ Nc6 13. 0-0 a6 14. Nxd5 Rc8 15. Bxc6+ Rxc6 16. Bc3 Qb5 17. Qf3 Be6 18. Nf4 Bc5 19. Nxe6 Rxe6 20. a4 Qb6 21. Rad1 Qc7 22. Qd5 0-0 23. Kh1 Rfe8 24. f4 Bb6 25. f5 Rh6 26. Qd7 Re7 27. Qd5 Re8 28. a5 Be3 29. Rd3 Bg5 30. Qd7 Qb8 31. Rfd1 Be7 32. h3 Rc6 33. Qd4 h6 34. Qg4 Qc8 35. Rd7 Rc4 36. Qg3 Bh4 37. Qd3 Be7 38. f6 Bf8 39. Qd5 Re6 40. Rxb7 Rc7 41. Rxc7 Qxc7 42. Qf3 g6 43. Rd3 Rc6 44. Qd1 Re6 45. Rd8 Qc6 46. Qd5 Qc7 1-0

[Event "GER-ch U12"]
[Site "Willingen"]
[Date "2019.06.09"]
[Round "1"]
[White "Andrade, Ruben"]
[Black "Von Mettenheim, Johannes"]
[Result "0-1"]
[WhiteElo "1480"]
[BlackElo "1757"]
[PlyCount "64"]
[EventDate "2019.06.08"]
[EventType "swiss"]
[EventRounds "9"]
[EventCountry "GER"]
[SourceTitle "CBM 191 Extra"]
[Source "ChessBase"]
[SourceDate "2019.09.30"]
[SourceVersion "1"]
[SourceVersionDate "2019.09.30"]
[SourceQuality "1"]

1. e4 c5 2. c4 Nc6 3. Nc3 g6 4. g3 Bg7 5. d3 d6 6. Bg2 e6 7. Nge2 Nge7 8. 0-0 0-0 9. Rb1 b6 10. a3 Bb7 11. b4 Nd4 12. Nxd4 cxd4 13. Ne2 Qd7 14. f4 Rac8 15. h3 b5 16. cxb5 Qxb5 17. Bb2 Ba6 18. Rf3 f5 19. Nxd4 Qb6 20. Kh2 Bxd4 21. Bxd4 Qxd4 22. b5 Bb7 23. Rb4 Qc3 24. Rc4 Rxc4 25. dxc4 Qxc4 26. Qxd6 fxe4 27. Re3 Nf5 28. Qd7 Nxe3 29. Qxb7 Qc2 30. Qxe4 Qxg2+ 31. Qxg2 Nxg2 32. Kxg2 Rd8 0-1